[Event "Chennai op 10th"]
[Site "Chennai"]
[Date "2018.01.18"]
[Round "1"]
[White "Czebe, Attila"]
[Black "Yuvan Bharathi, KS."]
[Result "1-0"]
[WhiteElo "2458"]
[BlackElo "1792"]
[PlyCount "45"]
[EventDate "2018.01.18"]
[EventType "swiss"]
[EventRounds "10"]
[EventCountry "IND"]
[SourceTitle "CBM 182 Extra"]
[Source "ChessBase"]
[SourceDate "2018.02.23"]
[SourceVersion "1"]
[SourceVersionDate "2018.02.23"]
[SourceQuality "1"]

1. d4 Nf6 2. c4 e6 3. Nf3 b6 4. Nc3 Bb7 5. Bg5 Be7 6. e3 0-0 7. Bd3 d5 8. 0-0 Nbd7 9. Rc1 c5 10. cxd5 cxd4 11. Nxd4 Nxd5 12. Bxe7 Qxe7 13. Nxd5 Bxd5 14. e4 Bb7 15. Rc7 Bc8 16. e5 Qe8 17. Be4 Rb8 18. Nc6 h6 19. Bf3 Kh8 20. Nxb8 Nxb8 21. Rxa7 Qb5 22. Qd6 Kg8 23. Rd1 1-0